000 00272nam a22001217a 4500
008 170823b xxu||||| |||| 00| 0 eng d
041 _aeng
080 _212 ED
_a51
100 _a38
101 _aMAT
245 _aTITLE MATHEMATICAL IDEAS
_cMILLER.CH
942 _2udc
_cBK
999 _c24650
_d24650